000 00940nam a2200337 a 4500
003 AR-BaBNM
005 20251128205126.0
008 082120s2002 ||||||||||||||000 | spa||
040 _cAR-BaBNM
100 1 _aGóngora, Luis de
245 0 0 _aFábula de Polifemo y Galatea
260 _aBuenos Aires
_bPlus Ultra
_c1973
300 _a165 p.
490 0 _aBiblioteca Universal
_vv. 19
500 _aContiene cuadro de época en p. 9-14
500 _aResumen cronológico en p. 15-20
500 _aEstudio sobre la obra en p. 21-70
650 4 _aLITERATURA ESPAÑOLA
650 4 _aFABULAS
650 4 _aRENACIMIENTO
650 4 _aRECURSOS LITERARIOS
650 4 _aCULTERANISMO
650 4 _aANALISIS LITERARIO
653 _aBARROCO
653 _aMANIERISMO
655 _aLITERATURA
700 1 _aParodi, Roberto Angel
_ecomentarista
800 1 _aLoprete, Carlos Alberto
_edirector
942 _cBK
998 _cisola
999 _c10086
_d10086